|
|
|
|
| LEADER |
00000naa a2200000 i 4500 |
| 001 |
publ204 |
| 005 |
20170922135157.0 |
| 008 |
170922s2008 hu o 000 zxx d |
| 040 |
|
|
|a BGE Publikációtár Repozitórium
|b hun
|
| 100 |
1 |
|
|a Szőke Andrea
|
| 245 |
1 |
0 |
|a Gondolatok a "Prezentációs és íráskészség-fejlesztés" kurzusról
|c Szőke Andrea
|h [elektronikus dokumentum]
|
| 260 |
|
|
|a Budapesti Gazdasági Főiskola
|b Budapest
|c 2008
|
| 300 |
|
|
|a 347-353
|
| 490 |
0 |
|
|a Tudományos Évkönyv 2007: Reformok útján
|
| 650 |
|
4 |
|a neveléstudományok
|
| 695 |
|
|
|a Prezentációkészítés
|
| 695 |
|
|
|a Tantárgy
|
| 856 |
4 |
0 |
|u https://publikaciotar.uni-bge.hu/id/eprint/204/1/szoke_gondolatok%20a%20prezentacios.pdf
|z Dokumentum-elérés
|